[Event "Brno Duras op-B"]
[Site "Brno"]
[Date "2009.07.04"]
[Round "8"]
[White "Kupsky, Dusan"]
[Black "Urbanec, Vladimir"]
[Result "1-0"]
[WhiteElo "1618"]
[BlackElo "1555"]
[PlyCount "33"]
[EventDate "2009.06.27"]
[EventType "swiss"]
[EventRounds "9"]
[EventCountry "CZE"]
[SourceTitle "CBM 131 Extra"]
[Source "ChessBase"]
[SourceDate "2009.09.03"]
[SourceVersion "2"]
[SourceVersionDate "2009.09.16"]
[SourceQuality "1"]

1. Nf3 d6 2. e4 Nf6 3. Nc3 g6 4. d4 Bg7 5. Bc4 0-0 6. 0-0 c6 7. Re1 Nbd7 8. e5 dxe5 9. dxe5 Ng4 10. e6 Nde5 11. Qxd8 Rxd8 12. exf7+ Kf8 13. Nxe5 Nxe5 14. Bg5 Bf6 15. Bh6+ Bg7 16. Bxg7+ Kxg7 17. Rxe5 1-0